000
00253nam a2200133Ia 4500
100
_a
Vladimirov V.
942
_c
BK
654
_a
moulds
245
_a
DIes
260
_b
Mir Publishers
_c
1972
082
_a
621.9
300
_a
468
546
_a
ENGLISH
999
_c
20571
_d
20571